Test booklet (Blue level)

সংরক্ষণ করুন:
গ্রন্থ-পঞ্জীর বিবরন
বিন্যাস: গ্রন্থ
ভাষা:Undetermined
প্রকাশিত: New York Mc Dougal, Littel & Company 1989
বিষয়গুলি:
ট্যাগগুলো: ট্যাগ যুক্ত করুন
কোনো ট্যাগ নেই, প্রথমজন হিসাবে ট্যাগ করুন!
Thư viện lưu trữ: Trung tâm Học liệu Trường Đại học Cần Thơ
LEADER 00568nam a2200193Ia 4500
001 CTU_141361
008 210402s9999 xx 000 0 und d
082 |a 428 
082 |b T342/Gr10 
245 0 |a Test booklet 
245 0 |b (Blue level) 
245 0 |c Mc Dougal, Littel & Company 
260 |a New York 
260 |b Mc Dougal, Littel & Company 
260 |c 1989 
650 |a English language,Tiếng Anh 
650 |x Study and teaching,Giảng dạy và học tập 
904 |i Hạ Nguyên 
980 |a Trung tâm Học liệu Trường Đại học Cần Thơ